| 000 | 00000cas 2200000zi 4500 |
| 001 | 9.893583 |
| 003 | CaOODSP |
| 005 | 20251222155915 |
| 006 | m o d f |
| 007 | cr cn |||||||| |
| 008 | 201116c20199999qucar p o f0###a0eng|d |
| 022 | |a2563-6472 |
| 040 | |aCaOODSP|beng|erda|cCaOODSP |
| 043 | |an-cn--- |
| 086 | 1 |aEn11-17E-PDF |
| 110 | 1 |aCanada. |bEnvironment and Climate Change Canada, |eauthor, |eissuing body. |
| 222 | 0|aGreenhouse Gas Pollution Pricing Act |
| 245 | 10|aGreenhouse Gas Pollution Pricing Act : |bannual report for … |
| 246 | 13|aGreenhouse Gas Pollution Pricing Act : |bannual report to Parliament for ... |
| 264 | 1|aGatineau, QC : |bEnvironment and Climate Change Canada = Environnement et changement climatique Canada, |c2020- |
| 310 | |aAnnual |
| 336 | |atext|btxt|2rdacontent |
| 337 | |acomputer|bc|2rdamedia |
| 338 | |aonline resource|bcr|2rdacarrier |
| 362 | 1 |aBegan with: 2019. |
| 500 | |aIssued also in French under title: Loi sur la tarification de la pollution causée par les gaz à effet de serre : rapport annuel au Parlement pour ... |
| 610 | 10|aCanada. |tGreenhouse Gas Pollution Pricing Act |vPeriodicals. |
| 650 | 0|aClimatic changes|xGovernment policy|zCanada|vPeriodicals. |
| 650 | 0|aGreenhouse gas mitigation|xLaw and legislation|zCanada|vPeriodicals. |
| 650 | 0|aCarbon offsetting|xLaw and legislation|zCanada|vPeriodicals. |
| 650 | 0|aEconomic development|xEnvironmental aspects|zCanada|vPeriodicals. |
| 651 | 0|aCanada. |
| 655 | 7|aPeriodicals|2lcgft |
| 775 | 08|tLoi sur la tarification de la pollution causée par les gaz à effet de serre : |w(CaOODSP)9.893584 |